Miesto a funkcia projektovej činnosti v procese plánovania a riadenia národného hospodárstva kandidátska dizertačná práca

Enregistré dans:
Détails bibliographiques
Auteur principal: Dobrodenka, Ladislav
Collectivité auteur: Vysoká škola ekonomická v Bratislave. Národohospodárska fakulta
Autres auteurs: Vincúr, Pavol
Format: Livre
Langue:slovaque
Publié: Bratislava 1983
Tags: Ajouter un tag
Pas de tags, Soyez le premier à ajouter un tag!

MARC

LEADER 00000nam a2200000 4500
001 c034109
005 20230116095140.0
041 0 |a slo 
044 |a SK 
245 1 0 |a Miesto a funkcia projektovej činnosti v procese plánovania a riadenia národného hospodárstva  |b kandidátska dizertačná práca  |c Ladislav Dobrodenka ; Ved. práce Pavol Vincúr 
264 1 |a Bratislava  |c 1983 
300 |a 129 s. 
100 1 |a Dobrodenka, Ladislav 
700 1 |a Vincúr, Pavol 
710 2 |a Vysoká škola ekonomická v Bratislave. Národohospodárska fakulta